Fußballvereine nach Logo - Statistiken

Allgemein
  • Dieses Quiz wurde 230 mal gespielt
  • Das Durchschnittsergebnis liegt bei 13 aus 20
Antwortstatistiken
Bildquiz Antwort % Korrekt
Juventus Turin
96%
Eintracht Frankfurt
91%
FC Barcelona
90%
Hamburger SV
84%
Galatasaray
83%
Olympique Marseille
80%
Crystal Palace
77%
Tottenham Hotspur
76%
FC Liverpool
75%
SSC Neapel
70%
Benfica Lissabon
66%
FC Basel
63%
Los Angeles FC
63%
Stade Brest
58%
RCD Mallorca
56%
Boca Juniors
53%
Legia Warschau
48%
Panathinaikos
46%
Djurgårdens IF
7%
Dinamo Zargreb
2%
Keine übereinstimmenden Quizze gefunden
Verteilung der Resultate
Anzahl Personen mit jedem Resultat
Perzentil nach korrekt beantworteten Fragen
Ihre Resultats-Entwicklung
Sie haben dieses Quiz noch nicht gespielt